1231 1582 1055 1852 1523 1312 1384 1858 1170 1891 1406 1583 1415 1151 1056 1421 1595 1076 1858 1937 1884 1258 1193 1876 1883 1404 1261 1414 1066 1883 1503 1409 1307 1748 1413 1546 1933 1564 1920 1489 1205 1090 1882 1143 1071 1069 1329 1672 1965 1801 1104 1675 1150 1162 1677 1873 1546 1349 1468 1375 1518 1114 1924 1483 1206 1266 1631 1347 1178 1852 1161 1739 1687 1134 1580 1696 1955 1945 1596 1766 1712 1112 1973 1124 1969 1007 1699 1837 1834 1541 1480 1512 1045 1312 1885 1443 1110 1939 1014 BCNSPRNW ULIB Ver.6.0+V

เปลี่ยนเป็นภาษาไทย

Change to English
 แสดงรายละเอียดบรรณานุกรม
  กลับหน้าหลัก

Brief Record : Get Marc (ISO 2709) : E-mail record : QR code < ปิดหน้าต่าง
LEADER : 00000nam 2200000uu 4500
001    13399127097
003     ULIB
008    191010s2559||||th 000 0 tha d
020    ^a9786162276910
060    ^aWS103^bต-อ
100    ^aตุ๊บป่อง
245    ^aอีล่อยปล่อยแอ ชุด นิทาน 5 อี
250    ^aพิมพ์ครั้งที่ 1
260    ^aกรุงเทพฯ :^bบริษัท แปลน ฟอร์ คิดส์ จำกัด,^c2559
300    ^a23 หน้า;^b21 ซม.
650    ^aเด็ก^xการเรียนการสอน
945    ^p95^l0^i006285
999    ^aประนอม เกษจรัล
รายการนี้ยังไม่มีแท็ก
คุณยังไม่ได้ล็อกอิน คุณสามารถมีกิจกรรมร่วมกับเว็บไซต์ได้ แต่ต้องล็อกอินก่อน ::
  ล็อกอิน

รายการสื่อสารสนเทศ

ลำดับที่ ประเภท เลขเรียก/บาร์โค้ด สถานที่ สถานะ
1. วิทยาศาสตร์การแพทย์ และสุขภาพ
วิทยาศาสตร์การแพทย์ และสุขภาพ
WS103 ต-อ ฉ.1 
  Barcode: 006285
ห้องสมุดวิทยาเขตสวรรค์ประชารักษ์
►หนังสือทั่วไป
ถูกยืม กำหนดส่งวันที่ 27 ธันวาคม 2564
  จอง

รายการใกล้เคียง
    ผู้แต่ง [ตุ๊บป่อง]

BibComment


ยังไม่เคยถูกคอมเมนท์

คอมเมนท์ทรัพยากรรายการนี้
  คอมเมนท์: อีล่อยปล่อยแอ ชุ..


 Copyright 2026. Bcnsprnw @Library